000
00289nam a22001217a 4500
008
180220b xxu||||| |||| 00| 0 eng d
041
_a
eng
080
_a
612.39
100
_a
10
101
_a
NUT
245
_a
A definitive study of your futures as a detitian
_c
Rosen,R
942
_2
udc
_c
BK
999
_c
42908
_d
42908